000 00606nam a2200229Ia 4500
003 OSt
005 20220918202518.0
006 a|||||r|||| 00| 0
007 ta
008 220917b |||||||| |||| 00| 0 eng d
024 _a101,817
037 _cTextual
040 _aARTS
_cARTS
_beng
041 _2eng
_aeng
082 _aV216,6.N8, M8
100 _aRobinson Marguerite S
_9104125
245 0 _aLocal politics
_b the law of fishes
260 _aN.D
_bOUP
_c1988
650 _aHISTORY
942 _hV216,6.N8, M8
_cTEXL
_2CC
999 _c225277
_d225277